| 000 | 00732nam a2200241 a 4500 | ||
|---|---|---|---|
| 001 | 73268 | ||
| 003 | BD-RjUL | ||
| 005 | 20211209082353.0 | ||
| 008 | 170529s1958 nyua 001 0 eng d | ||
| 035 | _a(BD-RjUL)73486 | ||
| 040 |
_aDLC/ICU _cICU _dBD-RjUL _beng |
||
| 041 | 1 | _aengger | |
| 082 | 0 | 0 |
_a621.38152 _223 _bSPE 1958 |
| 100 | 1 |
_aSpenke, Eberhard, _d1905- _9216726 |
|
| 245 | 1 | 0 |
_aElectronic semiconductors / _cEberhard Spenke; Translated with additions by D. A. Jenny [and others]. |
| 260 |
_aNew York : _bMcGraw-Hill, _cc1958. |
||
| 300 |
_a402 p. : _bill. ; _c24 cm. |
||
| 500 | _aIncludes index | ||
| 650 | 0 |
_aSemiconductors. _9216727 |
|
| 650 | 0 |
_aTransistors. _9216728 |
|
| 942 |
_2ddc _cBK |
||
| 999 |
_c73268 _d73268 |
||